000 00316 a2200121 4500
001 146857
040 _cEscola São Tomás de Aquino
100 _aRODRIGUES, Rosicler Martins
240 1 0 _aA vida dos dinossauros
_lpor
245 1 0 _aA vida dos dinossauros
697 _aCIÊNCIAS NATURAIS E MATEMÁTICA
942 _cBK
999 _c146857
_d146857